Traffic Engineering and Transport Planning / (Record no. 971)
[ view plain ]
| 000 -LEADER | |
|---|---|
| fixed length control field | 00750nam a2200241 a 4500 |
| 003 - CONTROL NUMBER IDENTIFIER | |
| control field | (BD-SpBAUS) |
| 005 - DATE AND TIME OF LATEST TRANSACTION | |
| control field | 20260219123845.0 |
| 008 - FIXED-LENGTH DATA ELEMENTS--GENERAL INFORMATION | |
| fixed length control field | 260219r20132007ii a|||| |||| 001 0 eng d |
| 020 ## - INTERNATIONAL STANDARD BOOK NUMBER | |
| International Standard Book Number | 817409220X |
| 040 ## - CATALOGING SOURCE | |
| Original cataloging agency | BD-SpBAUS |
| Transcribing agency | BD-SpBAUS |
| 041 ## - LANGUAGE CODE | |
| Language code of text/sound track or separate title | eng |
| 082 ## - DEWEY DECIMAL CLASSIFICATION NUMBER | |
| Classification number | 388.312 |
| Author mark and year | KAT 2013 |
| 100 ## - MAIN ENTRY--PERSONAL NAME | |
| Personal name | Kadiyali, L.R. |
| 9 (RLIN) | 2392 |
| 245 ## - TITLE STATEMENT | |
| Title | Traffic Engineering and Transport Planning / |
| Statement of responsibility, etc. | L.R. Kadiyali. |
| 250 ## - EDITION STATEMENT | |
| Edition statement | 7th ed. |
| 260 ## - PUBLICATION, DISTRIBUTION, ETC. | |
| Place of publication, distribution, etc. | New Delhi : |
| Name of publisher, distributor, etc. | Khanna Publishers, |
| Date of publication, distribution, etc. | 2007 [Reprint 2013]. |
| 300 ## - PHYSICAL DESCRIPTION | |
| Extent | xxiv, 913 p. : |
| Other physical details | ill. ; |
| Dimensions | 22 cm |
| 504 ## - BIBLIOGRAPHY, ETC. NOTE | |
| Bibliography, etc. note | includes index and references |
| 650 ## - SUBJECT ADDED ENTRY--TOPICAL TERM | |
| Topical term or geographic name entry element | Traffic engineering |
| 9 (RLIN) | 2393 |
| 650 ## - SUBJECT ADDED ENTRY--TOPICAL TERM | |
| Topical term or geographic name entry element | Transportation Planning |
| 9 (RLIN) | 2394 |
| 856 ## - ELECTRONIC LOCATION AND ACCESS | |
| Uniform Resource Identifier | <a href="https://search.worldcat.org/title/957132744">https://search.worldcat.org/title/957132744</a> |
| 942 ## - ADDED ENTRY ELEMENTS (KOHA) | |
| Source of classification or shelving scheme | Dewey Decimal Classification |
| Koha item type | Books |
| Suppress in OPAC | No |
| Withdrawn status | Lost status | Source of classification or shelving scheme | Damaged status | Not for loan | Home library | Current library | Date acquired | Source of acquisition | Cost, normal purchase price | Total Checkouts | Full call number | Barcode | Date last seen | Copy number | Price effective from | Koha item type | Shelving location |
|---|---|---|---|---|---|---|---|---|---|---|---|---|---|---|---|---|---|
| Dewey Decimal Classification | Not For Loan | BAUST Central Library | BAUST Central Library | 06/22/2025 | Modern | 1414.00 | 388.312 KAT 2013 | 14594 | 02/19/2026 | C-1 | 02/19/2026 | Books | |||||
| Dewey Decimal Classification | BAUST Central Library | BAUST Central Library | 06/22/2025 | Modern | 1414.00 | 388.312 KAT 2013 | 14595 | 02/19/2026 | C-2 | 02/19/2026 | Books | General Stacks | |||||
| Dewey Decimal Classification | BAUST Central Library | BAUST Central Library | 06/22/2025 | Modern | 1414.00 | 388.312 KAT 2013 | 14596 | 02/19/2026 | C-3 | 02/19/2026 | Books | General Stacks | |||||
| Dewey Decimal Classification | BAUST Central Library | BAUST Central Library | 06/22/2025 | Modern | 1414.00 | 388.312 KAT 2013 | 14597 | 02/19/2026 | C-4 | 02/19/2026 | Books | General Stacks | |||||
| Dewey Decimal Classification | BAUST Central Library | BAUST Central Library | 06/22/2025 | Modern | 1414.00 | 388.312 KAT 2013 | 14598 | 02/19/2026 | C-5 | 02/19/2026 | Books | General Stacks |
